00459nam a2200085 450000500170000008400470001710000170006424502120008126000800029320260120124857.0 2Colon ClassificationaE6880aH2331:(D85512) aPAVITHA ,P.A aSynthesis and characterization of organic-inorganic interpenetrating networks (IPN) for the adsorption of water pollutants and controlled release of therapeutic agents: Its kinetics and thermodynamic profile aKollam,bDept. of Chemistry, SN College Kollam, University of Kerala,c2025